000 01244cab a2200193 4500
001 ##L132552
008 060217n2006 000 0 eng u
035 _a(Sirsi) u132552
041 0 _aeng
100 1 _aClaydon, Jim
245 0 0 _aSpatial plan offers hope of protection
260 _c2006
490 0 _aPlanning (for the Natural and Built Environment)
_v(1655) 10 February 2006, 14-15(2)
520 _aConsiders how marine spatial planning could reduce incidences of offshore disputes and also benefit coastal strategies. Although marine environments are under constant threat from a wide spectrum of economic and other demands, there is no overall planning of marine projects and limited consideration of the long-term. Looks at the Irish Sea pilot marine spatial plan commissioned by DEFRA in December 2004 and the resultant recommendations made for marine spatial planning. Refers to the 2006 Marine Bill which is a government manifesto commitment in this area. Concludes that the opportunity to unify the marine and terrestrial planning systems should not be missed.
590 _aIKA280206
650 2 4 _aMARINE BILL 2006
690 _aENVIRONMENTAL AND LAND CONSULTANCY-PLANNING AND DEVELOPMENT-STRATEGIC PLANNING
942 _n0
999 _c76489
_d76489